The Effect of compressive strain and stress on electrical conductivity of conductive rubber composites (Record no. 70604)

MARC details
000 -LEADER
fixed length control field 00476nam a2200157Ia 4500
100 ## - MAIN ENTRY--AUTHOR NAME
Personal name Sau K P
245 #4 - TITLE STATEMENT
Title The Effect of compressive strain and stress on electrical conductivity of conductive rubber composites
260 ## - PUBLICATION, DISTRIBUTION, ETC. (IMPRINT)
Name of publisher Rubber Chemistry and Technology
Year of publication 2000
300 ## - PHYSICAL DESCRIPTION
Number of Pages 310-324
650 ## - SUBJECT ADDED ENTRY--TOPICAL TERM
Topical Term Compressive strain
650 ## - SUBJECT ADDED ENTRY--TOPICAL TERM
Topical Term Electrical conductivity
700 ## - ADDED ENTRY--PERSONAL NAME
Personal name Chaki T K
700 ## - ADDED ENTRY--PERSONAL NAME
Personal name Khastgir D
942 ## - ADDED ENTRY ELEMENTS (KOHA)
Koha item type Journals
Holdings
Withdrawn status Lost status Damaged status Not for loan Home library Current library Shelving location Date acquired Serial Enumeration / chronology Koha item type
      Journals RRII Library RRII Library Rubber chemistry 17/12/2021 Volume 73, Issue 2 Journals